| 000 | 00776nam a2200241 i 4500 | ||
|---|---|---|---|
| 001 | 20422 | ||
| 003 | ES-MaACL | ||
| 005 | 20260203063027.0 | ||
| 007 | t| | ||
| 008 | 021112s1944 sp ||||1| spa d | ||
| 100 | 1 |
_aAgustí, Ignacio, _d1913-1974 _918909 |
|
| 245 | 1 | 3 |
_aLa ceniza fué árbol / _cIgnacio Agustí. |
| 250 | _a2ª ed. | ||
| 260 |
_aBarcelona : _bDestino, _c[1944] ( _fTalls. Gráficos Agustín Núñez) |
||
| 300 |
_a4 v. ; _c20 cm. |
||
| 505 | 8 | _aContiene: I. Mariana Rebull -- II. El viudo Rius -- III. Desiderio -- IV. Joaquín Rius y su nieto | |
| 740 | 0 | _aMariona Rebull. | |
| 740 | 3 | _aEl Viudo Rius. | |
| 740 | 0 | _aDesiderio. | |
| 740 | 0 | _aJoaquín Rius y su nieto. | |
| 852 |
_aES-MaACL _jE-3928-9 _bR.20956 |
||
| 999 |
_c20422 _d20422 |
||